[Event "COL-ch U10"]
[Site "Manizales"]
[Date "2009.01.10"]
[Round "5.13"]
[White "Garcia, Pablo2"]
[Black "Rojas Cortes, Andres"]
[Result "1-0"]
[WhiteElo "1450"]
[BlackElo "1308"]
[PlyCount "31"]
[EventDate "2009.01.08"]
[EventType "swiss"]
[EventRounds "7"]
[EventCountry "COL"]
[SourceTitle "EXT 2024"]
[Source "ChessBase"]
[SourceDate "2023.10.10"]
[SourceVersion "1"]
[SourceVersionDate "2023.10.10"]
[SourceQuality "1"]

1. e4 c5 2. Nf3 Nc6 3. d4 cxd4 4. Nxd4 b6 5. Nc3 Bb7 6. Bc4 e5 7. Nxc6 Bxc6 8. Be3 Nf6 9. Qd3 Be7 10. 0-0-0 d6 11. Bg5 h6 12. Bxf6 Bxf6 13. Nd5 Bxd5 14. Bxd5 a5 15. Bxa8 Qxa8 16. Qxd6 1-0